Comparative analysis of the results of the Standardized Aptitude Test for The Teachers (SATT) of the BSE and BSIE Students of CvSU-R S.Y. 2007-2008 to 2009-2010 (Record no. 3912)

MARC details
000 -LEADER
fixed length control field 01367nam a22002777a 4500
003 - CONTROL NUMBER IDENTIFIER
control field OSt
005 - DATE AND TIME OF LATEST TRANSACTION
control field 20250321041524.0
008 - FIXED-LENGTH DATA ELEMENTS--GENERAL INFORMATION
fixed length control field 250307b ||||| |||| 00| 0 eng d
040 ## - CATALOGING SOURCE
Language of cataloging English.
Transcribing agency CvSU-CCAT Campus Library.
Description conventions rda.
050 ## - LIBRARY OF CONGRESS CALL NUMBER
Classification number UM LB 3051
Item number D83 2012
100 ## - MAIN ENTRY--PERSONAL NAME
Personal name Dualan, Alenie B., author.
9 (RLIN) 14722
245 ## - TITLE STATEMENT
Title Comparative analysis of the results of the Standardized Aptitude Test for The Teachers (SATT) of the BSE and BSIE Students of CvSU-R S.Y. 2007-2008 to 2009-2010
Statement of responsibility, etc. Alenie B. Dualan, Diana Camille C. Mercado, Joanna Lee A. Ricafrente.
260 ## - PUBLICATION, DISTRIBUTION, ETC.
Place of publication, distribution, etc. Rosario, Cavite :
Name of publisher, distributor, etc. Cavite State University-CCAT Campus,
Date of publication, distribution, etc. 2012
300 ## - PHYSICAL DESCRIPTION
Extent vi, 50 leaves :
Other physical details illustrations ;
Dimensions 28 cm
500 ## - GENERAL NOTE
General note Undergraduate Thesis (BSIE Major in Girls Trade and Food Technology) -- Cavite State University-CCAT Campus, 2012.
504 ## - BIBLIOGRAPHY, ETC. NOTE
Bibliography, etc. note Includes bibliographical references and appendices.
546 ## - LANGUAGE NOTE
Language note In English text
650 ## - SUBJECT ADDED ENTRY--TOPICAL TERM
Topical term or geographic name entry element Comparative analysis.
9 (RLIN) 9560
650 ## - SUBJECT ADDED ENTRY--TOPICAL TERM
Topical term or geographic name entry element Standardized Aptitude Test -- Teachers.
9 (RLIN) 15357
650 ## - SUBJECT ADDED ENTRY--TOPICAL TERM
Topical term or geographic name entry element BSIE and BSE -- Comparative analysis for Teachers.
9 (RLIN) 15358
700 ## - ADDED ENTRY--PERSONAL NAME
Personal name Mercardo, Diana Camille C., author.
9 (RLIN) 15359
700 ## - ADDED ENTRY--PERSONAL NAME
Personal name Ricafrente, Joanna Lee A., author.
9 (RLIN) 15360
700 ## - ADDED ENTRY--PERSONAL NAME
Personal name Merced, Caridad S., adviser.
9 (RLIN) 10334
942 ## - ADDED ENTRY ELEMENTS (KOHA)
Source of classification or shelving scheme Library of Congress Classification
Koha item type Thesis/Manuscripts/Dissertations
Call number prefix UM
Classification part LB 3051 D83 2012
Holdings
Withdrawn status Lost status Source of classification or shelving scheme Damaged status Not for loan Collection code Home library Current library Shelving location Date acquired Coded location qualifier Full call number Barcode Date last seen Copy number Price effective from Koha item type
    Library of Congress Classification     Thesis/Manuscript/Dissertation Cavite State University - CCAT Campus Cavite State University - CCAT Campus TH 04/26/2012 UM UM LB 3051 D83 2012 T0000605 10/24/2025 1 03/07/2025 Thesis/Manuscripts/Dissertations